000 00297nam a22001337a 4500
008 171023b xxu||||| |||| 00| 0 eng d
020 _a9780071772440
041 _aeng
080 _a301.151
100 _a54
101 _aLID
245 _aTHE WELL-BALANCED LEADER
_cROBERTS,R
942 _2udc
_cBK
999 _c35363
_d35363